| 000 | 01069nam a2200397 a 4500 | ||
|---|---|---|---|
| 003 | AR-BaBNM | ||
| 005 | 20251128204520.0 | ||
| 008 | 082120s2002 ||||||||||||||000 | spa|| | ||
| 020 | _a84-7954-157-1 | ||
| 040 | _cAR-BaBNM | ||
| 100 | 1 | _aUriz Pemán, María Jesús | |
| 245 | 0 | 0 |
_aPersonalidad, socialización y comunicación _bel pensamiento de George Herbert Mead |
| 250 | _a1ª ed. | ||
| 260 |
_aMadrid _bLibertarias _bProdhufi _c1993 |
||
| 300 | _a507 p. | ||
| 490 | 0 |
_aUniversidad _vv. 14 |
|
| 504 | _aBibliografía en p. 451-503 | ||
| 600 | 1 | 4 | _aMead, George Herbert |
| 650 | 4 | _aPERSONALIDAD | |
| 650 | 4 | _aSOCIALIZACION | |
| 650 | 4 | _aCOMUNICACION | |
| 650 | 4 | _aCONCIENCIA | |
| 650 | 4 | _aEPISTEMOLOGIA | |
| 650 | 4 | _aEDUCACION | |
| 650 | 4 | _aETICA | |
| 650 | 4 | _aFILOSOFIA POLITICA | |
| 650 | 4 | _aSOCIOLOGIA | |
| 650 | 4 | _aPSICOLOGIA SOCIAL | |
| 650 | 4 | _aSIGLO VEINTE | |
| 651 | 4 | _aEstados Unidos | |
| 653 | _aPRAGMATICA | ||
| 653 | _aFILOSOFIA SOCIAL | ||
| 700 | 1 |
_aBuceta Facorro, Luis _eprologuista |
|
| 942 | _cBK | ||
| 998 | _cMarce | ||
| 999 |
_c7739 _d7739 |
||